000 00489nam a2200181Ia 4500
008 151202s9999||||xx |||||||||||||| ||und||
082 _bPNVM-22462
100 _a"ACHARYA, BK, GOVEKAR(P. B.)."
245 _aELEMENTS OF COMMERCE.
260 _bA.R. SETH & CO.
260 _c0
300 _a354
600 _a"ACHARYA, BK, GOVEKAR(P. B.)."
630 _aELEMENTS OF COMMERCE.
700 _a"ACHARYA, BK, GOVEKAR(P. B.)."
730 _aELEMENTS OF COMMERCE.
942 _cBOOK
999 _c1288437
_d1288434